LEADER 01463nam a2200241 i 4500 001 000000019046 003 CaOOAMICUS 005 20180830125444.0 008 180830s1895 fr u000 u und u 040 $aSeMil$bita 100 1 $aGerard, Éric Mary,$d<1857-1916>.$0(OLS)http://semarc/name/90037 240 10$aLeçons sur l'électricité.$0(OLS)http://semarc/title/401720 245 10$aLeçons sur l'électricité :$bprofessées a l'Institut électrotechnique Montefiore annexé a l'Université de Liége /$cpar Éric Gerard. 250 $a4. éd. 260 $aParis :$bGauthier-Villars,$c1895. 300 $a2 v. ;$c26 cm. 650 4$aElettricità.$0(OLS)http://semarc/subject/12212 650 4$aElettromagnetismo.$0(OLS)http://semarc/subject/13551 650 4$aMagnetismo.$0(OLS)http://semarc/subject/44828 774 0 $tThéorie de l'électricité et du magnétisme, Électrométrie, Théorie et construction des générateurs et des transformateurs électriques.$g1$w()137778 774 0 $tCanalisation et distribution de l'énergie électrique, Applications de l'électricité à la production et à la transmission de la puissance motrice, à la traction, à l'éclairage et à la métallurgie.$g2$w()257524 996 $6245$aLeçons sur l'électricité :$bprofessées a l'Institut électrotechnique Montefiore annexé a l'Université de Liége$9(OLS)http://semarc/title/401719 996 $6260$aParis :$bGauthier-Villars$9(OLS)http://semarc/publisher/30424 LEADER 00821nam a2200193 i 4500 001 000000056025 003 CaOOAMICUS 005 19970721000000.0 008 970721n xx u000 u lat u 013 $a27197 040 $aSeMil$bita 100 1 $aHermans, Vincentius.$0(OLS)http://semarc/name/28241 245 13$aDe novitiatu in Ordine Benedictino-Cisterciensi et in Iure communi usque ad annum 1335. 650 4$aCistercensi.$0(OLS)http://semarc/subject/8582 650 4$aNoviziato.$0(OLS)http://semarc/subject/5171 650 4$aTesi di laurea.$0(OLS)http://semarc/subject/1690 850 $aSeMil 852 $aSeMil$W1$xVenegono$y1$m2I IV 94$j22179$B22179$CSeMilBibl$Z2$F22181 $81 996 $6245$aDe novitiatu in Ordine Benedictino-Cisterciensi et in Iure communi usque ad annum 1335$9(OLS)http://semarc/title/87017